banner-ar

PRACTICE TESTS FER PHAFICIENCY ,2ND ED / (Record no. 16666)

MARC details
000 -الفاتح
حقل البيانات ثابتة الطول 00535nam a2200193Ia 4500
008 - عناصر البيانات ثابتة الطول - معلومات عامة
حقل البيانات ثابتة الطول 140319s9999 xx 000 0 eng d
040 ## - مصدر الفهرسة
وكالة الفهرسة الأصلية GCL /
وكالة النسخ GCL
082 04 - رقم تصنيف ديوى العشرى
رقم التصنيف 422
رقم المادة A P
100 1# - المدخل الرئيسى - إسم شخصى
الإسم الشخصى ARCHER,MARGARET
245 10 - بيان العنوان
العنوان PRACTICE TESTS FER PHAFICIENCY ,2ND ED /
بيان المسئوليه,etc ARCHER,MARGARET
700 1# - المدخل الاضافى - اسم شخصى
الإسم الشخصى WOODS,ENID NALAN
260 ## - PUBLICATION, DISTRIBUTION, ETC. (IMPRINT)
تاريخ النشر أو التوزيع 1978
300 ## - الوصف المادى
التعداد 119 PP
650 04 - المدخل الاضافى بالموضوع-مصطلح موضوعى
مصطلح موضوعي EXERCISE FOR EDUCATION
650 04 - المدخل الاضافى بالموضوع-مصطلح موضوعى
مصطلح موضوعي STUDY AND TEACHING
650 04 - المدخل الاضافى بالموضوع-مصطلح موضوعى
مصطلح موضوعي ENGLISH LANGUAGE
942 ## - عناصر المدخل الإضافي( كوها)
مصدر التصنيف او مخطط الترفيف Dewey Decimal Classification
Koha [default] item type كتاب
260 ## - PUBLICATION, DISTRIBUTION, ETC. (IMPRINT)
-- [S.N] :
-- THOMAS NELSON SONS LIMITED ،
Holdings
حالة التراجع حالة الفقد حالة تلف ليس للاعارة المكان المؤقت الموقع الحالى تاريخ الاكتساب اجمالي اﻻعارات رقم الطلب الباركود تاريخ اخر مشاهدة تاريخ تفعيل السعر نوع وعاء كوها
        مكتبة القاهرة الكبرى مكتبة القاهرة الكبرى 03/26/2014   422\A P 30176 03/26/2014 03/26/2014 كتاب

Powered By

EGPV